লোডিং...

Degrees of excellence: the academic achievement game /

গ্রন্থ-পঞ্জীর বিবরন
প্রধান লেখক: Entwistle, Noel J.
অন্যান্য লেখক: Wilson, John D.
বিন্যাস: Printed Book
ভাষা:English
প্রকাশিত: London : Methuen, 1977.
LEADER 00513nam a2200145Ia 4500
008 150624b xxu||||| |||| 00| 0 eng d
082 |a 371.292 
100 |a Entwistle, Noel J. 
245 |a Degrees of excellence:  |b the academic achievement game /  |c Noel J. Entwistle 
260 |a London :  |b Methuen,  |c 1977. 
300 |a 226 p. 
700 |a Wilson, John D. 
942 |c BK 
999 |c 28626  |d 28626 
952 |0 0  |1 0  |4 0  |6 371_292000000000000_ENT_D  |7 0  |9 28625  |a UL  |b UL  |c ST2  |d 1998-09-01  |l 0  |o 371.292 ENT/D  |p 40070  |r 2012-10-27  |w 2012-10-27  |y BK